Instrumentos de protección social: caminos latinoamericanos

Պահպանված է:
Մատենագիտական մանրամասներ
Հիմնական հեղինակներ: Cecchini, Simone (Հեղինակ), Filgueira, Fernando (Հեղինակ), Rossel, Cecilia (Հեղինակ)
Այլ հեղինակներ: Martínez Concha, Rodrigo (autor)
Ձևաչափ: Գիրք
Լեզու:իսպաներեն
Հրապարակվել է: Santiago Cepal 2015
Հրատարակություն:1a. ed
Շարք:Desarrollo Social, 136
Խորագրեր:
Ցուցիչներ: Ավելացրեք ցուցիչ
Չկան պիտակներ, Եղեք առաջինը, ով նշում է այս գրառումը!

MARC

LEADER 00000cam a2200000 a 4500
001 UCD0988
003 CL-VaPUC
008 151231e20150700cl |||||||||||||||||spa|d
020 |a 9789211218930 
082 0 4 |a 361.6  |b CEC  |2 21 
100 0 |a Cecchini, Simone  |e author  |9 584053 
700 0 |a Filgueira, Fernando  |e author  |9 584054 
700 |a Martínez Concha, Rodrigo   |e autor  |9 595842 
700 0 |a Rossel, Cecilia  |e author  |9 584056 
245 1 0 |a Instrumentos de protección social: caminos latinoamericanos 
250 |a 1a. ed 
300 |a 506 p 
942 |c BK 
945 |d 20151231 00:35:00  |a arojas 
260 |a Santiago  |b Cepal  |c 2015 
650 0 |a Protección social  |9 256186 
650 0 |a Problemas sociales  |9 258537 
650 0 |a Servicio social  |9 307999 
650 0 |a Inclusión social   |9 554639 
651 0 |a América Latina   |9 255027 
651 7 |a CARIBE  |2 CL-VaPUC  |9 308659 
583 |a last modification  |c 20151231 00:35:00  |k Rodrigo Vera 
490 0 |a Desarrollo Social, 136 
999 |c 362419  |d 362417 
952 |0 0  |1 0  |3 erb  |4 0  |6 361_600000000000000_CEC_2015  |7 0  |8 A  |9 473681  |a BIBGIM  |b BIBGIM  |i 5258146  |o 361.6 CEC 2015  |p 5258146  |r 2025-01-15  |w 2019-11-24  |y BK  |z Catalogado en:20151231  |k SSL